[Event "IND-ch U19 44th"]
[Site "Mumbai"]
[Date "2014.07.13"]
[Round "6"]
[White "Roshan, Rangarajan"]
[Black "Fenil, Shah"]
[Result "0-1"]
[WhiteElo "2106"]
[BlackElo "2262"]
[PlyCount "106"]
[EventDate "2014.07.10"]
[EventType "swiss"]
[EventRounds "11"]
[EventCountry "IND"]
[SourceTitle "EXT 2016"]
[Source "ChessBase"]
[SourceDate "2015.10.08"]
[SourceVersion "1"]
[SourceVersionDate "2015.10.08"]
[SourceQuality "1"]

1. e4 c5 2. Nf3 e6 3. d3 Nc6 4. g3 g6 5. Bg2 Bg7 6. 0-0 Nge7 7. c3 0-0 8. Be3 b6 9. d4 d5 10. dxc5 dxe4 11. Nd4 Ba6 12. Re1 Nxd4 13. Bxd4 f5 14. f3 Bxd4+ 15. Qxd4 Qxd4+ 16. cxd4 Nc6 17. fxe4 f4 18. gxf4 Nxd4 19. Na3 bxc5 20. f5 Rab8 21. b3 gxf5 22. exf5 Rxf5 23. Be4 Rf4 24. Nc4 Rbf8 25. h3 Rf2 26. Re3 R8f4 27. Rg3+ Kf8 28. Rg2 Ne2+ 29. Kh2 Rxg2+ 30. Bxg2 Bxc4 31. bxc4 Rxc4 32. Rb1 Rc2 33. Be4 Rxa2 34. Rb8+ Kg7 35. Rb7+ Kf6 36. Bxh7 c4 37. Rc7 c3 38. h4 Nd4+ 39. Kg3 c2 40. Kg4 Ra4 41. Kh3 Ra2 42. Rc4 e5 43. Be4 Ra3+ 44. Kg4 Ra4 45. Rc8 Nb3 46. Rc6+ Ke7 47. Rxc2 Rxe4+ 48. Kf5 Nd4+ 49. Kxe4 Nxc2 50. Kxe5 Nb4 51. h5 Kf7 52. Kd4 a5 53. Kc5 Nc6 0-1

[Event "New Delhi Parsvnath op 10th"]
[Site "New Delhi"]
[Date "2012.01.16"]
[Round "3"]
[White "Anwesh, Upadhyaya"]
[Black "Roshan, Rangarajan"]
[Result "1-0"]
[WhiteElo "2413"]
[BlackElo "2062"]
[PlyCount "73"]
[EventDate "2012.01.15"]
[EventType "swiss"]
[EventRounds "11"]
[EventCountry "IND"]
[SourceTitle "CBM 146 Extra"]
[Source "ChessBase"]
[SourceDate "2012.02.29"]
[SourceVersion "1"]
[SourceVersionDate "2012.02.29"]
[SourceQuality "1"]

1. c4 e5 2. g3 Nc6 3. Bg2 f5 4. Nc3 Nf6 5. d3 Bb4 6. Nf3 Bxc3+ 7. bxc3 d6 8. 0-0 0-0 9. Rb1 Qe8 10. Ne1 f4 11. e3 Bg4 12. f3 fxg3 13. fxg4 gxh2+ 14. Kxh2 Qg6 15. Bh3 e4 16. d4 h6 17. Rb2 Nd8 18. Ng2 Qe8 19. Nf4 Nh7 20. Rbf2 Ng5 21. Bg2 c6 22. Nh3 Rxf2 23. Rxf2 Nh7 24. Rf1 Nf6 25. Rf5 Qg6 26. Nf2 Nf7 27. Bxe4 Nxe4 28. Nxe4 h5 29. Rf4 h4 30. Qd3 Nh8 31. Nf2 Qh6 32. Nh3 Ng6 33. Rf1 Ne7 34. Qe4 Re8 35. Nf4 Qg5 36. Qe6+ Kh8 37. Qf7 1-0

[Event "IND-ch U15"]
[Site "New Delhi"]
[Date "2010.09.07"]
[Round "5"]
[White "Ghosh, Diptayan"]
[Black "Roshan, Rangarajan"]
[Result "1-0"]
[WhiteElo "2193"]
[BlackElo "1938"]
[PlyCount "69"]
[EventDate "2010.09.04"]
[EventType "swiss"]
[EventRounds "11"]
[EventCountry "IND"]
[SourceTitle "CBM 138 Extra"]
[Source "ChessBase"]
[SourceDate "2010.10.29"]
[SourceVersion "1"]
[SourceVersionDate "2010.10.29"]
[SourceQuality "1"]

1. d4 d5 2. Nc3 Nf6 3. Bg5 Bf5 4. Bxf6 exf6 5. e3 c6 6. Bd3 Bxd3 7. Qxd3 Nd7 8. Nf3 Bb4 9. 0-0 Bxc3 10. bxc3 Nb6 11. Nd2 0-0 12. a4 Nc8 13. c4 b6 14. a5 Ne7 15. Rfb1 dxc4 16. Nxc4 b5 17. Nd2 a6 18. c4 f5 19. Nb3 Ra7 20. Nc5 Qd6 21. Rd1 Rd8 22. Qc2 Qf6 23. Nd3 Ng6 24. g3 Rd6 25. cxb5 axb5 26. Nb4 Ne7 27. Qc5 Ra8 28. a6 Qe6 29. Rdc1 Qd7 30. Qb6 Ra7 31. Qb8+ Nc8 32. d5 Qc7 33. Qxc7 Rxc7 34. Nxc6 g6 35. Ne7+ 1-0

[Event "Commonwealth-ch"]
[Site "New Delhi"]
[Date "2010.05.10"]
[Round "1"]
[White "Dreev, Alexey"]
[Black "Roshan, Rangarajan"]
[Result "1-0"]
[WhiteElo "2655"]
[BlackElo "1968"]
[PlyCount "55"]
[EventDate "2010.05.10"]
[EventType "swiss"]
[EventRounds "11"]
[EventCountry "IND"]
[SourceTitle "CBM 136 Extra"]
[Source "ChessBase"]
[SourceDate "2010.07.02"]
[SourceVersion "2"]
[SourceVersionDate "2010.07.15"]
[SourceQuality "1"]

1. d4 d5 2. c4 dxc4 3. e4 e5 4. Nf3 exd4 5. Bxc4 Nc6 6. 0-0 Be6 7. Bb5 Bd7 8. Bxc6 Bxc6 9. Nxd4 Qd7 10. Nxc6 Qxc6 11. Nc3 Nf6 12. Bf4 Rd8 13. Qb3 Rd7 14. Rac1 Qb6 15. Qa4 c6 16. Be3 Qxb2 17. e5 Nd5 18. Nxd5 Rxd5 19. Rb1 Qa3 20. Qg4 Qe7 21. Qc8+ Rd8 22. Qxb7 Qxb7 23. Rxb7 a5 24. Bg5 Rc8 25. e6 f6 26. Be3 Rd8 27. Bb6 Rd5 28. e7 1-0

[Event "IND-ch U15"]
[Site "Mumbai"]
[Date "2009.11.05"]
[Round "6"]
[White "Roshan, Rangarajan"]
[Black "Prince, Bajaj"]
[Result "0-1"]
[WhiteElo "1940"]
[BlackElo "2152"]
[PlyCount "80"]
[EventDate "2009.11.01"]
[EventType "swiss"]
[EventRounds "11"]
[EventCountry "IND"]
[SourceTitle "EXT 2011"]
[Source "ChessBase"]
[SourceDate "2010.11.26"]
[SourceVersion "1"]
[SourceVersionDate "2010.11.26"]
[SourceQuality "1"]

1. e4 c5 2. Nf3 e6 3. d4 cxd4 4. Nxd4 a6 5. Bd3 Bc5 6. Nb3 Be7 7. c4 d6 8. Nc3 Nf6 9. Be3 Nbd7 10. f4 Qc7 11. 0-0 b6 12. Qe2 Bb7 13. Kh1 h5 14. Bd4 Rc8 15. Rae1 h4 16. e5 h3 17. Ne4 dxe5 18. fxe5 Nxe5 19. Bxe5 Qxe5 20. Qf3 hxg2+ 21. Qxg2 Nxe4 22. Bxe4 Bxe4 23. Rxe4 Rxh2+ 24. Qxh2 Qxe4+ 25. Kg1 Qg4+ 26. Kh1 Qh4 27. Qxh4 Bxh4 28. Rf4 Bf6 29. Nd2 Bg5 30. Rd4 Bxd2 31. Rxd2 Rxc4 32. b3 Rc3 33. Rd6 Rc1+ 34. Kg2 Rc2+ 35. Kf3 Rxa2 36. Rxb6 Ke7 37. Ke4 Kf6 38. Rb7 g5 39. Ra7 Ra3 40. b4 Ra4 0-1

[Event "IND-ch U15"]
[Site "Mumbai"]
[Date "2009.11.02"]
[Round "3"]
[White "Sai, Krishna GV"]
[Black "Roshan, Rangarajan"]
[Result "1/2-1/2"]
[WhiteElo "2225"]
[BlackElo "1940"]
[PlyCount "66"]
[EventDate "2009.11.01"]
[EventType "swiss"]
[EventRounds "11"]
[EventCountry "IND"]
[SourceTitle "EXT 2011"]
[Source "ChessBase"]
[SourceDate "2010.11.26"]
[SourceVersion "1"]
[SourceVersionDate "2010.11.26"]
[SourceQuality "1"]

1. e4 c5 2. Nf3 Nc6 3. d4 cxd4 4. Nxd4 g6 5. c4 Nf6 6. Nc3 d6 7. Be2 Nxd4 8. Qxd4 Bg7 9. b3 0-0 10. Bb2 Qa5 11. 0-0 Nxe4 12. Qxe4 Bxc3 13. Bxc3 Qxc3 14. Qxe7 Qe5 15. Qxe5 dxe5 16. Bf3 Rb8 17. c5 Bd7 18. Rfe1 Rfe8 19. Rad1 Re7 20. Rd6 Rc8 21. b4 Bc6 22. Be2 a6 23. Red1 Rcc7 24. Kf1 Red7 25. Rxd7 Rxd7 26. Rxd7 Bxd7 27. Bf3 Bc6 28. Bxc6 bxc6 29. Ke2 Kf8 30. Kd3 Ke7 31. g4 f5 32. g5 Ke6 33. Kc4 e4 1/2-1/2

[Event "IND-ch U17 20th"]
[Site "Chakradharpur"]
[Date "2009.10.14"]
[Round "11"]
[White "Surendran, N."]
[Black "Roshan, Rangarajan"]
[Result "1/2-1/2"]
[WhiteElo "2105"]
[BlackElo "1904"]
[PlyCount "50"]
[EventDate "2009.10.07"]
[EventType "swiss"]
[EventRounds "11"]
[EventCountry "IND"]
[SourceTitle "CBM 132 Extra"]
[Source "ChessBase"]
[SourceDate "2009.11.03"]
[SourceVersion "1"]
[SourceVersionDate "2009.11.03"]
[SourceQuality "1"]

1. d4 d5 2. c4 dxc4 3. Nc3 a6 4. a4 e5 5. d5 Bb4 6. e4 Qh4 7. Qe2 Nf6 8. Bd2 Bxc3 9. Bxc3 Nbd7 10. Nf3 Qxe4 11. Qxe4 Nxe4 12. Bxe5 Nxe5 13. Nxe5 Nd6 14. Nxc4 Nxc4 15. Bxc4 Bf5 16. 0-0-0 0-0-0 17. Rhe1 f6 18. f3 Rhe8 19. a5 Kd7 20. Kd2 Rxe1 21. Rxe1 Re8 22. Rxe8 Kxe8 23. b4 g5 24. Kc3 Ke7 25. Kd4 Kd6 1/2-1/2

[Event "IND-ch U17 20th"]
[Site "Chakradharpur"]
[Date "2009.10.12"]
[Round "9"]
[White "Himal, Guasain"]
[Black "Roshan, Rangarajan"]
[Result "1-0"]
[WhiteElo "2255"]
[BlackElo "1904"]
[PlyCount "115"]
[EventDate "2009.10.07"]
[EventType "swiss"]
[EventRounds "11"]
[EventCountry "IND"]
[SourceTitle "CBM 132 Extra"]
[Source "ChessBase"]
[SourceDate "2009.11.03"]
[SourceVersion "1"]
[SourceVersionDate "2009.11.03"]
[SourceQuality "1"]

1. d4 d5 2. Bg5 h6 3. Bh4 c6 4. c3 Bf5 5. Nd2 Qb6 6. Qb3 Nd7 7. Ngf3 Qxb3 8. axb3 e6 9. b4 Bd6 10. e3 Ngf6 11. Be2 0-0 12. 0-0 Rfe8 13. Ra2 a6 14. Nb3 Rec8 15. Rfa1 g5 16. Bg3 Bxg3 17. hxg3 Ne4 18. Ne1 g4 19. Nd3 Kg7 20. Kh2 h5 21. f3 Nef6 22. Ndc5 Rab8 23. Nxb7 Rxb7 24. Bxa6 Rbb8 25. Bxc8 Rxc8 26. Ra8 Rxa8 27. Rxa8 Bd3 28. Nc5 Bb5 29. Nxd7 Nxd7 30. Rd8 Nb6 31. b3 Be2 32. Rb8 Nd7 33. Rc8 Bb5 34. Kg1 Nb6 35. Rc7 Kg6 36. Kf2 Kg7 37. e4 Kg6 38. Ke3 Kg7 39. Kf4 Kf6 40. e5+ Kg6 41. fxg4 hxg4 42. Kxg4 Be2+ 43. Kf4 Bb5 44. g4 Na4 45. bxa4 Bxa4 46. Kg3 Bb5 47. Kh4 Ba4 48. Ra7 Bb5 49. Ra2 Bc4 50. Rf2 Bb5 51. Rf6+ Kg7 52. Kg5 Bd3 53. Rf2 Bc4 54. Rf6 Bd3 55. Kf4 Bc4 56. Ke3 Bb5 57. g5 Bc4 58. g6 1-0

[Event "IND-ch U17 20th"]
[Site "Chakradharpur"]
[Date "2009.10.08"]
[Round "2"]
[White "Mehar, Chinna Reddy CH"]
[Black "Roshan, Rangarajan"]
[Result "1-0"]
[WhiteElo "2235"]
[BlackElo "1904"]
[PlyCount "87"]
[EventDate "2009.10.07"]
[EventType "swiss"]
[EventRounds "11"]
[EventCountry "IND"]
[SourceTitle "CBM 132 Extra"]
[Source "ChessBase"]
[SourceDate "2009.11.03"]
[SourceVersion "1"]
[SourceVersionDate "2009.11.03"]
[SourceQuality "1"]

1. e4 c5 2. Nf3 Nc6 3. d4 cxd4 4. Nxd4 g6 5. Nc3 Bg7 6. Be3 Nf6 7. Bc4 Qa5 8. 0-0 0-0 9. h3 Qb4 10. Bb3 Nxe4 11. Nd5 Qa5 12. Nxc6 dxc6 13. Nxe7+ Kh8 14. Re1 Nf6 15. Nxc8 Raxc8 16. Qf3 Rcd8 17. Red1 Rd7 18. Bd4 Rfd8 19. Bc3 Qf5 20. Rxd7 Rxd7 21. Qe3 Ne4 22. Bxg7+ Kxg7 23. Re1 Nd2 24. Qxa7 Nxb3 25. cxb3 Rd2 26. Rf1 Rxb2 27. Qxb7 Rb1 28. Qa6 Rxf1+ 29. Qxf1 Qa5 30. Qa1+ f6 31. a4 c5 32. Qc1 Qb4 33. Qe3 Kf7 34. Kh2 c4 35. Qa7+ Kg8 36. bxc4 Qxc4 37. a5 Qe6 38. a6 Qd6+ 39. g3 h5 40. Qa8+ Kg7 41. Qb7+ Kh6 42. a7 Qd4 43. a8Q Qxf2+ 44. Qg2 1-0